1275 1635 1501 1822 1636 1414 1704 1412 1345 1327 1922 1122 1786 1262 1355 1679 1283 1798 1803 1904 1444 1846 1095 1152 1747 1360 1130 1915 1778 1536 1458 1764 1528 1525 1181 1769 1747 1773 1872 1282 1406 1286 1124 1451 1378 1034 1201 1577 1360 1060 1531 1166 1444 1119 1866 1934 1044 1807 1421 1070 1245 1635 1903 1177 1313 1805 1067 1121 1912 1827 1644 1047 1981 1857 1113 1200 1030 1806 1046 1197 1220 1203 1975 1799 1566 1663 1387 1898 1565 1769 1680 1035 1805 1645 1824 1210 1845 1331 1739 BCNSPRNW ULIB Ver.6.0+V

เปลี่ยนเป็นภาษาไทย

Change to English
 แสดงรายละเอียดบรรณานุกรม
  กลับหน้าหลัก

Brief Record : Get Marc (ISO 2709) : E-mail record : QR code < ปิดหน้าต่าง
LEADER : 00000nam 2200000uu 4500
001    13399115103
003     ULIB
008    120709s2550||||th 000 0 tha d
020    ^a9789747492736(ล.2)
050 04 ^aAC159^bภ375ค ล.2 2550
100 0  ^aภัทราพร สังข์พวงทอง
245 10 ^aความรู้นอกกะลา 2 (ฉบับนี้มีกลิ่น) /^cภัทราพร สังข์พวงทอง
250    ^aพิมพ์ครั้งที่ 1
260    ^aกรุงเทพฯ :^bพิมพ์บูรพา,^c2550
300    ^a[119] หน้า :^bภาพประกอบ
650  7 ^aความรู้ทั่วไป
650  7 ^aกลิ่น
650  7 ^aรองเท้า
650  7 ^aขยะ
945    ^p0^l0^i14912
995    ^aกัณชพร
999    ^aใช้งานได้ทุกระบบ
รายการนี้ยังไม่มีแท็ก
คุณยังไม่ได้ล็อกอิน คุณสามารถมีกิจกรรมร่วมกับเว็บไซต์ได้ แต่ต้องล็อกอินก่อน ::
  ล็อกอิน

รายการสื่อสารสนเทศ

ลำดับที่ ประเภท เลขเรียก/บาร์โค้ด สถานที่ สถานะ
- ไม่พบข้อมูล -

รายการใกล้เคียง
    ผู้แต่ง [ภัทราพร สังข์พวงทอง]

    หัวเรื่อง [ความรู้ทั่วไป]
    หัวเรื่อง [กลิ่น]
    หัวเรื่อง [รองเท้า]
    หัวเรื่อง [ขยะ]

BibComment


ยังไม่เคยถูกคอมเมนท์

คอมเมนท์ทรัพยากรรายการนี้
  คอมเมนท์: ความรู้นอกกะลา 2..


 Copyright 2026. Bcnsprnw @Library